00542nam a2200181Ia 4500003000900000008004100009040001600050080002900066110003300095245009000128260005000218300000800268500001900276650001200295650001800307650001400325650002100339IN-BaIIA211028s9999 xx 000 0 eng d cIIA Library a083.7:621.882.219.4bISI aIndian Standards Institution 0aIndian standard dimensions for depth of holes for studscIndian Standards Institution aNew DelhibIndian Standards Institutionc1973 a4p. aIS 4499 : 1968 a Holes a Standards  a Studs  aNASA Thesaurus